[Event "Mittelrhein Verbandsliga-N 18/19"]
[Site "Nordrheinwestfalen"]
[Date "2018.12.16"]
[Round "5.8"]
[White "Gutt, Oswald"]
[Black "Muessener, Joachim"]
[Result "1-0"]
[WhiteElo "1868"]
[BlackElo "1716"]
[PlyCount "105"]
[EventDate "2018.09.02"]
[EventType "team-tourn"]
[EventRounds "12"]
[EventCountry "GER"]
[SourceTitle "EXT 2022"]
[Source "ChessBase"]
[SourceDate "2021.10.06"]
[SourceVersion "1"]
[SourceVersionDate "2021.10.06"]
[SourceQuality "1"]
[WhiteTeam "Bergische SF"]
[BlackTeam "Koeln Worringen"]
[WhiteTeamCountry "GER"]
[BlackTeamCountry "GER"]

1. d4 e6 2. e4 d5 3. Nc3 dxe4 4. Nxe4 b6 5. Nf3 Bb7 6. Bd3 Be7 7. 0-0 Nd7 8. Qe2 Ngf6 9. Ng3 c5 10. c3 cxd4 11. cxd4 h6 12. Re1 Bb4 13. Rd1 Nd5 14. Ne5 N7f6 15. Bb5+ Kf8 16. Nh5 Bd6 17. Nxf6 Nxf6 18. Bf4 a6 19. Ba4 b5 20. Bb3 Qe7 21. Rac1 g5 22. Bg3 Bd5 23. Bxd5 Nxd5 24. Rc6 Kg7 25. Rxd6 Qxd6 26. Nxf7 Nf4 27. Bxf4 Qxf4 28. Nxh8 Qf6 29. Qe4 Rxh8 30. Qb7+ Kg6 31. Qxa6 Rd8 32. Qxb5 Rxd4 33. Rxd4 Qxd4 34. g3 Qe4 35. a4 Qb1+ 36. Kg2 g4 37. Qe2 Qf5 38. b4 Qd5+ 39. Kg1 h5 40. Qc2+ Kf6 41. b5 Qd4 42. Qb3 Qe4 43. b6 Qe1+ 44. Kg2 Qe4+ 45. Kf1 Qh1+ 46. Ke2 Qe4+ 47. Kd2 Qd4+ 48. Kc1 Qxf2 49. b7 Qe1+ 50. Kb2 Qd2+ 51. Ka3 Qd6+ 52. Ka2 Qd2+ 53. Qb2+ 1-0